| 000 | 00533nam a2200157 4500 | ||
|---|---|---|---|
| 003 | NUST | ||
| 082 | _a621.382,MAS | ||
| 100 |
_aMasud, Muhammad Saad (TE-49) _9131594 |
||
| 245 |
_aTraffic management system based on global positioning system and global system for mobile communication / _cCapt Muhammad Saad Maud, Capt Aamir Mehmood Malik, Capt Waheedullah Khan |
||
| 250 | _aTE-49 | ||
| 260 |
_aRawalpindi _bMCS (NUST) _c2016 |
||
| 300 | _aix,43 p.; | ||
| 650 |
_aUG Project _9131132 |
||
| 651 |
_aTE-49 _9131595 |
||
| 942 |
_2ddc _cPR |
||
| 999 |
_c615232 _d615232 |
||